01378cam a22003974i 4500003000900000005001700009008004100026020001500067035002700082040003300109082001900142100003900161245011700200264003100317300003800348336002100386337002500407338002300432490005700455504002800512505025800540526001000798526001000808526001000818526001000828526000800838526000800846526000800854526000800862526000800870526000800878526000800886541001700894630004100911700002800952PE-LiUPU20250731173343.0150706s2006 sp rb 000 0 spa d a8481648345 a(Sirsi) i9788481648348 aPE-LiUPUbspacPE-LiUPUerda04a227.1bA282211 aAgamben, Giorgio,d1942- ,eautor.13aEl tiempo que resta :bcomentario a la carta a los romanos /cGiorgio Agamben; traducción de Antonio Piñero. 1aMadrid :bTrotta,c[2006]. a183 páginas ;c23 centímetros atext2rdacontent aunmediated2rdamedia avolume2rdacarrier0 aColección Estructuras y Proceso. Serie Filosofía aIncluye bibliografía.0 aPrimera jornada: Paulos doulos christou Iesou -- Segunda jornada: Kletós -- Tercera jornada: Aphorisménos -- Cuarta jornada: Apóstolos -- Quinta jornada: Eis euaggélion theou -- Sexta jornada: (Eis euaggélion theou) -- Umbral o tornada. aSEG42 aSEG41 aSEG40 aSEG39 aP94 aP87 aP86 aP85 aP77 aP76 aP35 g007-0020317; aBiblia.pN.T.pRomanosxComentarios.1 aPiñero, Antonio,etr.